000 00614nam a22001817a 4500
999 _c187037
_d187037
005 20220328144031.0
010 _aENG-132141
020 _a97881882903012
_c1495.00
035 _aEN-115673
037 _bDBAD/PUB
082 _a954.05
100 _aMehta, R.C
245 _aFrom Kargil to Pulwama :
_bThe story of Pakistan Misadventure with India/
_cR.C. Mehta
260 _aGurugram
_bShubhi Publications
_c2019
270 _a479, Sector- 14 Gurugam
_bGurugram
_e122001
_mShubhipublication@yahoo.co.in
300 _avii,284p.
_bBibliography History
_c22cm(hbk)
942 _2ddc
_cEN
_mMEH
_h954.05